[Event "Newport op"]
[Site "Newport"]
[Date "2015.06.13"]
[Round "2"]
[White "Rupel, David G"]
[Black "Grabinsky, Aaron"]
[Result "0-1"]
[WhiteElo "2048"]
[BlackElo "2095"]
[PlyCount "66"]
[EventDate "2015.06.13"]
[EventType "swiss"]
[EventRounds "4"]
[EventCountry "USA"]
[SourceTitle "EXT 2017"]
[Source "ChessBase"]
[SourceDate "2016.10.25"]
[SourceVersion "1"]
[SourceVersionDate "2016.10.25"]
[SourceQuality "1"]

1. d4 e6 2. c4 Nf6 3. Nc3 Bb4 4. e3 c5 5. Bd3 Nc6 6. Nge2 cxd4 7. exd4 d5 8. 0-0 Be7 9. a3 a6 10. b4 dxc4 11. Bxc4 b5 12. Bb3 Bb7 13. Bb2 Bd6 14. Qd3 Ne7 15. f3 Qc7 16. g3 Bd5 17. Ne4 Bxb3 18. Nxf6+ gxf6 19. Qxb3 h5 20. Rac1 Qb8 21. f4 h4 22. Qf3 hxg3 23. hxg3 Kd7 24. Kg2 Qb6 25. Nc3 Rag8 26. Ne4 Nd5 27. Nc5+ Bxc5 28. Rxc5 Qb7 29. Bc1 f5 30. Rg1 Nxf4+ 31. Bxf4 Rh2+ 32. Kxh2 Qxf3 33. Be5 Rg6 0-1

[Event "Washington State-ch Premier"]
[Site "Seattle"]
[Date "2014.02.17"]
[Round "9"]
[White "Rupel, David G"]
[Black "Haining, Kyle"]
[Result "1/2-1/2"]
[WhiteElo "2069"]
[BlackElo "1960"]
[PlyCount "56"]
[EventDate "2014.02.08"]
[EventType "tourn"]
[EventRounds "9"]
[EventCountry "USA"]
[SourceTitle "EXT 2017"]
[Source "ChessBase"]
[SourceDate "2016.10.25"]
[SourceVersion "1"]
[SourceVersionDate "2016.10.25"]
[SourceQuality "1"]

1. d4 g6 2. c4 Bg7 3. e4 d6 4. Ne2 Nf6 5. Nbc3 0-0 6. Ng3 c5 7. d5 e6 8. Be2 exd5 9. exd5 Re8 10. 0-0 Nbd7 11. Bf4 Ne5 12. Qd2 Qb6 13. Rac1 Nfd7 14. b3 f5 15. h4 Nf7 16. h5 Bf6 17. hxg6 hxg6 18. Qc2 Be5 19. Bxe5 dxe5 20. Rfd1 Kg7 21. d6 Nxd6 22. Nd5 Qd8 23. Qc3 Nf6 24. Bf3 Rb8 25. Rd2 b6 26. Re1 Nf7 27. Nf4 Qc7 28. Nd5 Nxd5 1/2-1/2

[Event "Washington State-ch Premier+"]
[Site "Seattle"]
[Date "2014.02.08"]
[Round "2"]
[White "Roper, David C"]
[Black "Rupel, David G"]
[Result "1/2-1/2"]
[WhiteElo "2237"]
[BlackElo "2069"]
[PlyCount "51"]
[EventDate "2014.02.08"]
[EventType "tourn"]
[EventRounds "9"]
[EventCountry "USA"]
[SourceTitle "EXT 2017"]
[Source "ChessBase"]
[SourceDate "2016.10.25"]
[SourceVersion "1"]
[SourceVersionDate "2016.10.25"]
[SourceQuality "1"]

1. e4 c5 2. Nf3 g6 3. Bc4 Nc6 4. 0-0 Bg7 5. c3 Na5 6. Bb5 a6 7. Ba4 Nf6 8. Re1 c4 9. e5 Nd5 10. d4 cxd3 11. Qxd3 Nc7 12. b4 b5 13. bxa5 bxa4 14. Be3 Bb7 15. Bb6 Qc8 16. c4 Ne6 17. Nc3 Nf4 18. Qd4 Ne6 19. Qh4 Bxf3 20. gxf3 g5 21. Qe4 0-0 22. Nd5 Qe8 23. Qg4 Rc8 24. Rac1 f5 25. exf6 Bxf6 26. Re3 1/2-1/2

[Event "Washington Class-ch Expert"]
[Site "Redmond"]
[Date "2012.11.23"]
[Round "2"]
[White "Rupel, David G"]
[Black "Bartron, Paul"]
[Result "0-1"]
[WhiteElo "2134"]
[BlackElo "2110"]
[PlyCount "101"]
[EventDate "2012.11.23"]
[EventType "swiss"]
[EventRounds "6"]
[EventCountry "USA"]
[SourceTitle "EXT 2017"]
[Source "ChessBase"]
[SourceDate "2016.10.25"]
[SourceVersion "1"]
[SourceVersionDate "2016.10.25"]
[SourceQuality "1"]

1. e4 e5 2. Nf3 Nf6 3. Nc3 Nc6 4. Bb5 Bb4 5. Nd5 Nxd5 6. exd5 Nd4 7. Nxd4 exd4 8. 0-0 0-0 9. c3 Bc5 10. b4 Bb6 11. Bd3 d6 12. Bb2 Qg5 13. c4 Bh3 14. Be4 Rae8 15. f4 Qh4 16. Bd3 Bg4 17. Qc2 Be2 18. Rf2 Qh5 19. Kh1 f5 20. c5 Bxd3 21. Qxd3 dxc5 22. bxc5 Bxc5 23. Bxd4 Bxd4 24. Qxd4 Qf7 25. Qxa7 Qxd5 26. h3 Ra8 27. Qe3 Rxa2 28. Rxa2 Qxa2 29. Qc5 Qe6 30. Kh2 Rc8 31. Rf3 b6 32. Re3 Qf7 33. Qc6 h6 34. Qb7 Rd8 35. Rc3 Rd7 36. Qc8+ Kh7 37. Qb7 Qe7 38. Qf3 Rxd2 39. Qh5 Rd5 40. Rc6 Rd6 41. Qxf5+ g6 42. Qc2 Rxc6 43. Qxc6 Qd6 44. Qe4 b5 45. Kh1 Qf6 46. Qb4 c6 47. Qe4 h5 48. Kg1 Kh6 49. Qb4 Kg7 50. Qe4 Kf7 51. Kh2 0-1

[Event "St Petersburg Botvinnik Memorial op"]
[Site "St Petersburg"]
[Date "2012.08.28"]
[Round "4"]
[White "Rupel, David G"]
[Black "Polyaninov, Aleksey Vladimirovi"]
[Result "1/2-1/2"]
[WhiteElo "2100"]
[BlackElo "2316"]
[PlyCount "80"]
[EventDate "2012.08.25"]
[EventType "swiss"]
[EventRounds "9"]
[EventCountry "RUS"]
[SourceTitle "CBM 150 Extra"]
[Source "ChessBase"]
[SourceDate "2012.10.19"]
[SourceVersion "1"]
[SourceVersionDate "2012.10.19"]
[SourceQuality "1"]

1. d4 Nf6 2. c4 c5 3. Nf3 cxd4 4. Nxd4 e5 5. Nc2 d5 6. cxd5 Qxd5 7. Qxd5 Nxd5 8. e4 Nb4 9. Nxb4 Bxb4+ 10. Nc3 Nc6 11. Bd2 Be6 12. Bb5 Rc8 13. a3 Ba5 14. b4 Bd8 15. 0-0 0-0 16. Bxc6 Rxc6 17. Nd5 Rc4 18. Rfe1 f5 19. Rac1 Rxe4 20. Rxe4 fxe4 21. Nc3 Bb6 22. Nxe4 Rd8 23. Bc3 Bf5 24. Nc5 Bxc5 25. bxc5 Rd5 26. Bb4 Kf7 27. h3 Bd7 28. Rc2 Rd1+ 29. Kh2 Bc6 30. f3 Ke6 31. Re2 Kf5 32. Bc3 Rd5 33. g4+ Ke6 34. f4 Rxc5 35. Bxe5 Kf7 36. Bd6 Rd5 37. Re7+ Kf6 38. g5+ Kg6 39. Be5 Rd7 40. Rxd7 Bxd7 1/2-1/2

[Event "Silverdale Beach Hotel Classic"]
[Site "Silverdale"]
[Date "2010.10.03"]
[Round "3"]
[White "Rupel, David G"]
[Black "Pupols, Viktors"]
[Result "0-1"]
[WhiteElo "2109"]
[BlackElo "2198"]
[PlyCount "90"]
[EventDate "2010.10.02"]
[EventType "swiss"]
[EventRounds "4"]
[EventCountry "USA"]
[SourceTitle "EXT 2017"]
[Source "ChessBase"]
[SourceDate "2016.10.25"]
[SourceVersion "1"]
[SourceVersionDate "2016.10.25"]
[SourceQuality "1"]

1. d4 e6 2. Nf3 d5 3. c4 Nf6 4. Nc3 c5 5. cxd5 Nxd5 6. e4 Nxc3 7. bxc3 cxd4 8. cxd4 Bb4+ 9. Bd2 Qa5 10. Bc4 0-0 11. 0-0 Bxd2 12. Nxd2 Nc6 13. Nb3 Qa3 14. Qe2 e5 15. d5 Ne7 16. Rab1 a6 17. Qb2 Qd6 18. Nc1 b5 19. Be2 Bd7 20. Nd3 f6 21. Rbc1 Rfc8 22. Rxc8+ Nxc8 23. Rc1 Nb6 24. Nb4 Kf8 25. Nc6 Rc8 26. Na5 Rxc1+ 27. Qxc1 Qb4 28. Nc6 Qd6 29. Qe3 Nc8 30. Nd8 Qb6 31. Qxb6 Nxb6 32. Nb7 Bc8 33. Nc5 Ke7 34. f3 Kd6 35. Nd3 Na4 36. Kf2 Nc3 37. Nc1 Kc5 38. Nd3+ Kd4 39. Nb4 Nxe2 40. Kxe2 Kc3 41. a3 Kb3 42. d6 Kxa3 43. Nxa6 b4 44. Nc5 b3 45. Kd2 b2 0-1

[Event "Washington op"]
[Site "Redmond"]
[Date "2010.05.31"]
[Round "5"]
[White "Gay, Daniel Zachary"]
[Black "Rupel, David G"]
[Result "1/2-1/2"]
[WhiteElo "2038"]
[BlackElo "2107"]
[PlyCount "38"]
[EventDate "2010.05.30"]
[EventType "swiss"]
[EventRounds "6"]
[EventCountry "USA"]
[SourceTitle "EXT 2017"]
[Source "ChessBase"]
[SourceDate "2016.10.25"]
[SourceVersion "1"]
[SourceVersionDate "2016.10.25"]
[SourceQuality "1"]

1. e4 c5 2. Nf3 g6 3. d4 cxd4 4. Nxd4 Bg7 5. c4 Nc6 6. Be3 d6 7. Nc3 Nh6 8. Be2 0-0 9. Qd2 Ng4 10. Bxg4 Bxg4 11. 0-0 Qa5 12. Rac1 Rfc8 13. h3 Bd7 14. Nb3 Qd8 15. c5 Be8 16. cxd6 exd6 17. Nb5 Qf6 18. Rc2 Ne5 19. Rxc8 Rxc8 1/2-1/2

[Event "US Open-110"]
[Site "Indianapolis"]
[Date "2009.08.08"]
[Round "8"]
[White "Shabalov, Alexander"]
[Black "Rupel, David G"]
[Result "1-0"]
[WhiteElo "2580"]
[BlackElo "2108"]
[PlyCount "71"]
[EventDate "2009.08.01"]
[EventType "swiss"]
[EventRounds "9"]
[EventCountry "USA"]
[SourceTitle "CBM 131 Extra"]
[Source "ChessBase"]
[SourceDate "2009.09.03"]
[SourceVersion "2"]
[SourceVersionDate "2009.09.16"]
[SourceQuality "1"]

1. e4 c6 2. d4 d5 3. e5 Na6 4. Be3 Bf5 5. c3 Nc7 6. Nd2 Qd7 7. Be2 h6 8. Ngf3 e6 9. 0-0 Ne7 10. Nb3 Bh7 11. g4 b6 12. a4 g5 13. Ne1 Ng6 14. Ng2 Be7 15. Qd2 a5 16. Nc1 f5 17. exf6 Bxf6 18. Nd3 Qg7 19. f4 Nh4 20. Nxh4 Bxd3 21. Bxd3 gxh4 22. h3 Kd7 23. Rf2 Raf8 24. Rb1 Ne8 25. f5 exf5 26. Bxf5+ Kc7 27. Bf4+ Kb7 28. Qd3 Bg5 29. Be5 Nf6 30. b4 axb4 31. cxb4 h5 32. b5 Qh6 33. bxc6+ Ka7 34. a5 b5 35. Qxb5 Rh7 36. Qb6+ 1-0

[Event "Washington Class-ch Master"]
[Site "Redmond"]
[Date "2008.11.30"]
[Round "5"]
[White "Roper, David C"]
[Black "Rupel, David G"]
[Result "1-0"]
[WhiteElo "2310"]
[BlackElo "2113"]
[PlyCount "32"]
[EventDate "2008.11.28"]
[EventType "swiss"]
[EventRounds "6"]
[EventCountry "USA"]
[SourceTitle "EXT 2017"]
[Source "ChessBase"]
[SourceDate "2016.10.25"]
[SourceVersion "1"]
[SourceVersionDate "2016.10.25"]
[SourceQuality "1"]

1. e4 c5 2. Nf3 g6 3. c3 Bg7 4. Bc4 e6 5. 0-0 Ne7 6. Bb3 d5 7. e5 0-0 8. d4 h6 9. Re1 Qc7 10. Nbd2 Nd7 11. Nf1 b5 12. Bf4 Kh7 13. Qd2 Nb6 14. Ne3 Nc4 15. Bxc4 dxc4 16. Ng4 Ng8 1-0

[Event "Washington Class-ch Master"]
[Site "Seattle"]
[Date "2007.11.24"]
[Round "3"]
[White "Calpo, Benjamin V"]
[Black "Rupel, David G"]
[Result "1-0"]
[WhiteElo "2004"]
[BlackElo "2126"]
[PlyCount "61"]
[EventDate "2007.11.23"]
[EventType "swiss"]
[EventRounds "6"]
[EventCountry "USA"]
[SourceTitle "EXT 2017"]
[Source "ChessBase"]
[SourceDate "2016.10.25"]
[SourceVersion "1"]
[SourceVersionDate "2016.10.25"]
[SourceQuality "1"]

1. e4 c5 2. Nf3 g6 3. Bc4 Nc6 4. c3 e6 5. 0-0 Nge7 6. Re1 Bg7 7. d4 cxd4 8. cxd4 d5 9. exd5 exd5 10. Bb5 0-0 11. Bg5 Be6 12. Qd2 Qb6 13. Bxc6 Nxc6 14. Be3 Rad8 15. h3 h6 16. Nc3 Kh7 17. Rad1 Qa5 18. Bf4 Rfe8 19. Ne5 f6 20. Nf3 Bf7 21. h4 h5 22. Re3 Rxe3 23. fxe3 Ne7 24. Qd3 Qb4 25. Qb5 Qxb5 26. Nxb5 Nf5 27. Rc1 Be8 28. Nc7 Bc6 29. b4 a6 30. a4 Bxa4 31. Rc5 1-0

[Event "Oviedo op"]
[Site "Oviedo"]
[Date "2007.07.28"]
[Round "8"]
[White "Rupel, David G"]
[Black "Monge Garcia, Carlos Eloy"]
[Result "1-0"]
[WhiteElo "2132"]
[BlackElo "1945"]
[PlyCount "137"]
[EventDate "2007.07.21"]
[EventType "swiss"]
[EventRounds "9"]
[EventCountry "ESP"]
[SourceTitle "EXT 2008"]
[Source "ChessBase"]
[SourceDate "2007.11.25"]
[SourceVersion "1"]
[SourceVersionDate "2007.11.25"]
[SourceQuality "1"]

1. d4 Nf6 2. Nf3 d6 3. g3 Nbd7 4. Bg2 e5 5. c4 Be7 6. Nc3 c6 7. dxe5 Nxe5 8. Nxe5 dxe5 9. Qc2 Qc7 10. b3 0-0 11. Bb2 Bg4 12. 0-0 Rad8 13. Rad1 Rxd1 14. Rxd1 Rd8 15. Rxd8+ Bxd8 16. Nd1 Qd6 17. Ne3 Be6 18. c5 Qc7 19. Nf5 Nd7 20. e4 Qa5 21. Qc3 Qxa2 22. b4 Qb1+ 23. Bf1 g6 24. Nd6 Bh3 25. Qc4 Qxf1+ 26. Qxf1 Bxf1 27. Nxb7 Bd3 28. Nxd8 Bxe4 29. Kf1 Kf8 30. Nb7 Ke7 31. Ke2 Bd5 32. Nd6 a6 33. Ke3 Ke6 34. f4 f6 35. Ne8 Bc4 36. Bc3 Ke7 37. Nd6 Bd5 38. Nc8+ Ke6 39. Nb6 Nf8 40. fxe5 fxe5 41. Na8 Bc4 42. Ke4 Nd7 43. Nc7+ Kf6 44. Ne8+ Ke7 45. Nc7 Kd8 46. Na8 Bd5+ 47. Kd3 a5 48. bxa5 Nxc5+ 49. Ke3 e4 50. Nb6 Kc7 51. Kd4 Nb3+ 52. Ke5 e3 53. Nxd5+ cxd5 54. Kxd5 e2 55. Ke4 Kc6 56. Kf3 Nc1 57. Kf2 Kb5 58. Bd2 Nb3 59. Kxe2 Nxa5 60. Bxa5 Kxa5 61. Kd3 Kb5 62. Kd4 Kc6 63. Ke5 Kd7 64. Kf6 Kd6 65. g4 Kd5 66. Kg7 Ke5 67. Kxh7 Kf4 68. h3 Kg5 69. Kg7 1-0

[Event "Oviedo op"]
[Site "Oviedo"]
[Date "2007.07.21"]
[Round "1"]
[White "Gonzalez Balbuena, Pablo"]
[Black "Rupel, David G"]
[Result "0-1"]
[WhiteElo "1633"]
[BlackElo "2132"]
[PlyCount "76"]
[EventDate "2007.07.21"]
[EventType "swiss"]
[EventRounds "9"]
[EventCountry "ESP"]
[SourceTitle "EXT 2008"]
[Source "ChessBase"]
[SourceDate "2007.11.25"]
[SourceVersion "1"]
[SourceVersionDate "2007.11.25"]
[SourceQuality "1"]

1. e4 c5 2. Nc3 a6 3. g3 b5 4. Bg2 Bb7 5. d3 d6 6. f4 e6 7. Nf3 Nf6 8. 0-0 Nbd7 9. Be3 d5 10. Bf2 d4 11. Ne2 Ng4 12. c3 dxc3 13. bxc3 Nxf2 14. Rxf2 c4 15. d4 Bxe4 16. g4 Nf6 17. Ng3 Bd5 18. Ne5 Bxg2 19. Kxg2 Qd5+ 20. Qf3 Bd6 21. Qxd5 Nxd5 22. Ne4 Bxe5 23. fxe5 0-0 24. g5 a5 25. Rf3 b4 26. Raf1 Rab8 27. Rb1 b3 28. axb3 Rxb3 29. Rxb3 cxb3 30. c4 b2 31. Rb3 Ne3+ 32. Kg1 Nxc4 33. Nc5 h6 34. gxh6 gxh6 35. Na4 Rd8 36. Nxb2 Nxb2 37. Rxb2 Rxd4 38. Rb5 Rd5 0-1